|
|
|
|
| LEADER |
00811nab a2200205 i 4500 |
| 001 |
publ22298 |
| 005 |
20220124140725.0 |
| 008 |
210908s2016 hu o 0|| zxx d |
| 022 |
|
|
|a 1219-6800
|
| 024 |
7 |
|
|a 3168351
|2 mtmt
|
| 040 |
|
|
|a SZTE Publicatio Repozitórium
|b hun
|
| 041 |
|
|
|a zxx
|
| 100 |
1 |
|
|a Kovács Krisztina
|
| 245 |
1 |
0 |
|a Köztünk járnak
|h [elektronikus dokumentum] :
|b Petőcz András: A megvénhedt Isten (újabb versek). Tiszatáj Könyvek, Szeged, 2016. /
|c Kovács Krisztina
|
| 260 |
|
|
|c 2016
|
| 300 |
|
|
|a 71-74
|
| 490 |
0 |
|
|a CREDO: EVANGÉLIKUS MŰHELY
|v 22 No. 2
|
| 650 |
|
4 |
|a Nyelvek és irodalom
|
| 856 |
4 |
0 |
|u http://publicatio.bibl.u-szeged.hu/22298/1/Koztunkjarnakboritotartalom.pdf
|z Dokumentum-elérés
|
| 856 |
4 |
0 |
|u http://publicatio.bibl.u-szeged.hu/22298/2/Koztunkjarnak.pdf
|z Dokumentum-elérés
|